Top UCL Goalscorers by Name Length - Statistics

General Stats
  • This quiz has been taken 126 times
  • The average score is 4 of 13
Answer Stats
Name length Answer Goals scored Years Active in UCL % Correct
7 Letters Cristiano Ronaldo 140 2006–
99%
5 Letters Lionel Messi 123 2005–
99%
11 Letters Robert Lewandowski 86 2011–
63%
4 Letters Raúl 71 1995–2011
46%
6 Letters Thomas Müller 52 2008–
22%
9 Letters Alfredo di Stéfano 49 1955–1964
18%
10 Letters Andriy Shevchenko 48 1999–2006
18%
13 Letters Ruud van Nistelrooy 55 1998–2009
16%
3 Letters Heung-min Son 17 2014–
15%
8 Letters Alessandro del Piero 42 1995–2009
8%
14 Letters Bastian Schweinsteiger 12 2004–2014
4%
17 Letters Alex Oxlade-Chamberlain 9 2011–
2%
12 Letters Michalis Konstantinou 11 2001–2007
0%
No matching quizzes found
Score Distribution
Percent of People with Each Score
Percentile by Number Answered
Your Score History
You have not taken this quiz